| 000 | 02332nam0a2200409 4500 | ||
|---|---|---|---|
| 001 | RU\NLR\BIBL_A\022705776 | ||
| 005 | 20260406083740.0 | ||
| 010 |
_a978-5-9704-9470-7 _91000 |
||
| 035 | _a(NLR Aleph) 022705776 | ||
| 090 |
_a13544437 _c13544437 |
||
| 100 | _a20260121d2026 u y0rusy50 ca | ||
| 101 | 0 | _arus | |
| 102 | _aRU | ||
| 105 | _aa j 001yy | ||
| 181 | 0 |
_ai _baxxe |
|
| 182 | 0 | _an | |
| 200 | 1 |
_aПсихиатрия и наркология _eучебник _eдля использования в образовательных учреждениях, реализующих основные профессиональные программы высшего образования по программам специалитета 31.05.03 "Стоматология" _fБ. Д. Цыганков, С. А. Овсянников, И. А. Пастух, А. И. Тюнева |
|
| 203 |
_aТекст _bвизуальный _cнепосредственный |
||
| 210 |
_aМосква _cГЭОТАР-Медиа _d2026 (печ. 2025) |
||
| 215 |
_a425 с. _cтабл. _d22 |
||
| 225 | 1 | _aУчебник | |
| 300 | _aНа обороте тит. с. 4-й авт.: Тюнева А. И. – канд. мед. наук, доц. | ||
| 301 | _aDOI: 10.33029/9704-9470-7-PSIN-2026-1-432 | ||
| 320 | _aБиблиогр.: с. 410–415 (133 назв.) | ||
| 320 | _aПредм. указ.: с. 416–425 | ||
| 606 | 1 |
_aПсихиатрия _jУчебники для высших учебных заведений _9906850 _3RU\NLR\AUTH\6610771 |
|
| 606 | 1 |
_aНаркология _jУчебники для высших учебных заведений _91654533 _3RU\NLR\AUTH\66732530 |
|
| 686 | 1 | _aР64я73-1 | |
| 686 | 1 | _aР645.1я73-1 | |
| 701 | 1 |
_8rus _7ca _aЦыганков _bБ. Д. _f1950- _gБорис Дмитриевич _3RU\NLR\AUTH\7757403 _940335 |
|
| 701 | 1 |
_7ca _8rus _aОвсянников _bС. А. _cд-р мед. наук _f1939- _gСергей Алексеевич _9220953 _3RU\NLR\AUTH\770221009 |
|
| 701 | 1 |
_aПастух _bИ. А. _cд-р мед. наук _gИнна Альбертовна _3RU\NLR\AUTH\770278466 _92650433 |
|
| 701 | 1 |
_aТюнева _bА. И. _gАлла Ивановна |
|
| 942 | _cBOOK | ||
| 980 | _aNB | ||